000 00309nam a22001457a 4500
008 210430b ||||| |||| 00| 0 eng d
020 _a9780078050961
041 _aeng
080 _a316
082 _a316
100 _a50
101 _aSOC
245 _aHuman Sexualities
_cHutchison,B
942 _2udc
_cBK
999 _c57053
_d57053